[Event "Diamond Cement GM Open 2018"]
[Site "Chittagong"]
[Date "2018.09.06"]
[Round "7"]
[White "Ghosh, Chanchal Kumer"]
[Black "Subramaniam, Sumant"]
[Result "1/2-1/2"]
[WhiteElo "2046"]
[BlackElo "2103"]
[Annotator "NA"]
[PlyCount "75"]
[EventDate "2018.09.02"]
[EventCountry "BAN"]
[SourceTitle "playchess.com"]
[Source "ChessBase"]
[SourceQuality "1"]

{[%evp 14,66,57,20,50,21,45,41,59,34,52,0,49,29,62,50,47,55,42,20,13,12,18,20,24,0,32767,-6,0,0,-6,0,0,0,0,32767,32767,32767,32767,32767,32767,32767,32767,32767,32767,32767,32767,32767,32767,32767,32767,32767,32767,-29,-9]} 1. e4 c5 2. Nf3 d6 3. d4 cxd4 4. Nxd4 Nf6 5. Nc3 a6 6. g3 e5 7. Nb3 Bg4 8. f3 {B91: Sicilian Najdorf: 6 g3} (8. Be2 Bh3 9. g4 d5 10. g5 d4 11. gxf6 dxc3 12. Qxd8+ Kxd8 13. fxg7 Bxg7 14. Rg1 Bf6 15. Rg3 cxb2 16. Bxb2 {1-0 (40) Movsesian,S (2700)-Adly,A (2631) Ningbo 2011}) 8... Be6 {LiveBook: 6 Games} 9. Be3 d5 10. exd5 Nxd5 11. Nxd5 Qxd5 12. Bd3 $146 ({Better is Predecessor:} 12. Qxd5 $14 Bxd5 13. Bg2 (13. Kf2 Nc6 14. Rd1 Bxb3 15. axb3 Be7 {1-0 (30) Drogovoz,M (1991)-Drogovoz,I (2218) Moscow 2015})) 12... Nc6 13. O-O O-O-O 14. Qe2 Nd4 15. Qf2 f5 16. Bxd4 exd4 17. Rfe1 Bb4 18. Re2 Rhe8 19. a3 Be7 20. Nxd4 Qxd4 21. Qxd4 Rxd4 22. Rxe6 Rxd3 $1 23. Rxe7 $11 Rxe7 24. cxd3 Re3 25. d4 Rxf3 26. Rc1+ Kd7 27. Rc3 Rxc3 28. bxc3 b5 29. Kf2 Ke6 30. Ke3 g5 31. h3 Kd6 32. h4 h6 33. hxg5 hxg5 34. Ke2 Ke6 35. Kd3 Kd5 36. Ke3 Kc4 37. Kf3 Kd5 38. Ke3 {Ke5 [%clk 0:00:00] Ke4+ [%clk 0:00:00]} 1/2-1/2

[Event "Diamond Cement GM Open 2018"]
[Site "Chittagong"]
[Date "2018.09.06"]
[Round "7"]
[White "Dhar-Barua, Saheli"]
[Black "Sultana, Sharmin Shirin"]
[Result "1-0"]
[WhiteElo "2027"]
[BlackElo "1974"]
[Annotator "NA"]
[PlyCount "129"]
[EventDate "2018.09.02"]
[EventCountry "BAN"]
[SourceTitle "playchess.com"]
[Source "ChessBase"]
[SourceQuality "1"]

1. e4 c5 2. Nf3 Nf6 3. e5 Nd5 4. c4 Nc7 5. d4 cxd4 6. Nxd4 g6 {LiveBook: 4 Games B29: Sicilian: 2 Nf3 Nf6 (Nimzowitsch Variation)} (6... d6 7. Bf4 dxe5 8. Bxe5 f6 9. Bxc7 Qxc7 10. Nc3 e6 11. Qe2 Bb4 12. Nxe6 Bxc3+ 13. bxc3 Bxe6 14. Qxe6+ {½-½ (44) Bodnaruk,A (2465)-Lintchevski,D (2527) St Petersburg 2016}) 7. Be2 Bg7 8. f4 O-O 9. Nf3 $146 ({Predecessor:} 9. O-O d6 10. exd6 Qxd6 11. Nc2 Qb6+ 12. Kh1 Bxb2 13. Bxb2 Qxb2 14. Nba3 {0-1 (28) Priklonsky,E (2114)-Sinitsin,E (2327) Tula 2006}) 9... d6 10. exd6 Qxd6 11. Qxd6 exd6 12. Nc3 Nc6 13. Be3 Re8 14. Kf2 Nb4 15. Rad1 Nc2 16. Bc1 $11 Bf5 17. Rxd6 Na6 18. Rhd1 Nc5 19. Ne5 Bxe5 20. fxe5 Rxe5 21. Rd8+ Rxd8 22. Rxd8+ Kg7 23. a3 a5 24. Bf4 Ne4+ 25. Kf1 Re6 26. Nd5 g5 27. g4 Bg6 28. Bc7 Nd2+ 29. Kf2 Ne4+ 30. Kg1 Nd4 31. Nf4 Nxe2+ 32. Nxe2 Nc5 33. Nc3 Bd3 34. Bd6 b6 35. Bxc5 Bxc4 36. Bd4+ Kh6 37. Kf2 b5 38. Kf3 Kg6 39. Ne4 f6 40. Ng3 Bb3 41. Bc3 a4 42. Rd7 Bc2 43. Nf5 Bxf5 44. gxf5+ Kxf5 45. Rd5+ Kg6 46. Rxb5 Ra6 47. Ra5 Rxa5 48. Bxa5 Kf5 49. Bc7 h5 50. Ke3 Ke6 51. Kd4 Kd7 52. Bb8 Kc8 53. Bd6 Kd7 54. Bc5 g4 55. Ke4 Ke6 56. Bf2 f5+ 57. Kf4 Kf6 58. Bh4+ Ke6 59. Bg5 Kd5 60. Kxf5 Kd4 61. Bf6+ Ke3 62. Kg5 Kf3 63. Be5 Kg2 64. Kxh5 Kh3 65. Bg3 1-0

[Event "Diamond Cement GM Open 2018"]
[Site "Chittagong"]
[Date "2018.09.07"]
[Round "8"]
[White "Rahman, Ziaur"]
[Black "Lalith Babu M R"]
[Result "1/2-1/2"]
[WhiteElo "2477"]
[BlackElo "2527"]
[Annotator "TA"]
[PlyCount "82"]
[EventDate "2018.09.02"]
[EventCountry "BAN"]
[SourceTitle "playchess.com"]
[Source "ChessBase"]
[SourceQuality "1"]

{[%evp 19,82,-52,-32,-68,-68,-76,-69,-81,-78,-72,-46,-49,-37,-45,-45,-50,-40,-41,-28,-35,0,-34,-32,-28,-30,-26,-20,-15,-5,-5,-5,-5,-5,-5,-5,-22,-20,-15,-18,-23,-15,-56,-67,-72,-39,-38,-38,-38,-29,-29,-3,-3,-5,-85,-7,-7,-3,-3,-3,-4,-4,-4,-5,-6,-3]} 1. d4 Nf6 2. Bg5 c5 3. d5 Ne4 4. Bf4 Qb6 5. Nd2 Qxb2 6. Nxe4 {A45: Damenbauernspiele (Trompowski-Angriff)} Qb4+ 7. c3 Qxe4 8. e3 g5 {[%cal Bg7g5,Bg5g4][%mdl 32]} 9. Bg3 Bg7 10. Rc1 h5 {LiveBook: 3 Partien} (10... d6 11. h4 g4 12. Ne2 Nd7 13. Nf4 {½-½ (30) Radjabov,T (2744)-Vachier Lagrave,M (2703) Moscow 2010}) 11. h4 g4 $1 12. Ne2 e5 $146 ({Vorgänger:} 12... b5 13. Qb3 {1-0 (27) Barbosa,O (2518)-Wheeler,C (2369) Las Vegas 2015}) 13. dxe6 dxe6 14. Nf4 {[#] Droht stark Ld3.} c4 (14... Bd7 {keeps more tension.} 15. c4 Qc6 16. Be2 Qa4 17. Qxa4 Bxa4 18. f3 Be5) 15. Qa4+ Bd7 16. Qxc4 Qxc4 17. Bxc4 Nc6 18. O-O Rc8 19. Bb5 Ne5 20. c4 Ke7 21. Rfd1 a6 22. Bxd7 Nxd7 23. Nd3 b6 24. c5 Nxc5 25. Nxc5 bxc5 26. Bd6+ Kf6 {Droht ...Thd8.} 27. Bxc5 Kg6 28. Bb6 Bb2 29. Rc7 Be5 30. Rxc8 Rxc8 $11 {[%mdl 4096] Endspiel KTL-KTL} 31. g3 Rc2 (31... Rc6 $5 {[%cal Rc6b6]} 32. Ba5 Rc2 $15) 32. a4 Ra2 33. Bd4 Bd6 34. Bc3 Ba3 35. Rd8 Rc2 36. Rd3 {[#]} (36. Ba5 $11 {hält das Gleichgewicht.}) 36... Kf5 ({Lieber} 36... Bc5 $1 $17) 37. Ba5 {Die Stellung ist ausgeglichen.} Bb2 38. Rd7 f6 39. Rd6 Rc4 40. Rxa6 Rxa4 {Und ...La3 würde nun gewinnen.} 41. Rb6 Rxa5 {Precision: Weiß = 74%, Schwarz = 58%.} 1/2-1/2

[Event "Diamond Cement GM Open 2018"]
[Site "Chittagong"]
[Date "2018.09.07"]
[Round "8"]
[White "Mollah Abdullah, Al Rakib"]
[Black "Mohammed Abdul, Malek"]
[Result "1-0"]
[WhiteElo "2472"]
[BlackElo "2186"]
[Annotator "TA"]
[PlyCount "167"]
[EventDate "2018.09.02"]
[EventCountry "BAN"]
[SourceTitle "playchess.com"]
[Source "ChessBase"]
[SourceQuality "1"]

{[%evp 14,167,33,9,64,50,96,66,85,11,120,130,127,129,129,130,245,247,227,237,234,235,194,123,93,75,77,48,54,39,27,27,59,45,63,63,72,70,41,45,56,52,45,65,43,45,69,56,143,139,147,141,139,98,118,107,112,108,243,215,295,291,468,98,98,97,146,146,139,134,224,229,229,226,220,223,223,222,217,201,214,115,181,181,200,212,203,181,214,125,137,0,203,200,200,200,200,200,198,193,231,231,230,231,254,254,254,254,254,245,254,244,412,243,412,412,412,412,412,412,412,412,455,256,256,229,502,412,488,481,800,750,858,412,12798,12796,29987,29988,29992,29993,29993,995,11657,5597,5281,5127,29982,29975,29979,29980,29986,29987,29987,29988,29990,29989]} 1. d4 Nf6 2. Nf3 d5 3. c4 c6 4. Nbd2 e6 5. g3 c5 6. cxd5 {D30: Queen's Gambit Declined: Systems without Nc3} (6. Bg2 Nc6 7. dxc5 Bxc5 8. O-O O-O 9. Nb3 Bb6 10. h3 Ne4 11. cxd5 exd5 12. e3 Be6 13. Bd2 Qf6 14. Rb1 Rfd8 15. Be1 Bf5 16. Nh4 Be6 {½-½ (28) Aronian,L (2801)-Gelfand,B (2741) Moscow 2010}) 6... Qxd5 7. Bg2 cxd4 8. O-O {LiveBook: 3 Games. White is slightly better.} d3 (8... e5 $11) 9. e4 $14 {[%mdl 1024] White has compensation.} Qb5 $146 ({Predecessor:} 9... Qd8 10. e5 Nd5 11. Ne4 Be7 12. Qxd3 Nc6 13. Bg5 Bxg5 14. Nexg5 {0-1 (47) Grant,A (2186)-Haydon,D (2296) Hastings 2012}) 10. a4 Qa6 11. Nd4 (11. b3 $1 $16) 11... Qb6 (11... Bd7 $1 $11) 12. Nb5 $1 $16 {Strongly threatening Nc4.} a6 13. Nc4 Qd8 14. Nc3 Qd4 (14... Nc6 $16) 15. Qb3 $1 $18 Nfd7 16. Be3 Nc5 17. Qa2 (17. Bxd4 Nxb3 18. Rad1 Nxd4 $14) 17... Qd8 18. b4 ({White should try} 18. e5 $18) 18... Ncd7 $16 19. Qb3 Nc6 20. b5 Na5 21. Nxa5 Qxa5 22. Bd2 Qb4 23. Qa2 Qd6 24. bxa6 Rxa6 25. Nb5 $36 {[%mdl 2048] Black is under pressure.} Qb8 $1 26. Qb2 e5 27. Bb4 Bc5 28. Rfd1 {Hoping for Bh3.} O-O 29. Rxd3 Rc6 30. Rad1 Qa8 (30... Bxb4 $14 31. Qxb4 h6) 31. Rxd7 Bxd7 32. Rxd7 Qxa4 33. Bxc5 Rxc5 34. Bf1 ({Don't go for} 34. Rxb7 $2 Qd1+ 35. Bf1 Rc1 $19) 34... Qxe4 35. Nd6 Qg6 (35... Qc6 $16 36. Qxb7 Qxb7 37. Nxb7 (37. Rxb7 Rd5 $16) 37... Rcc8) 36. Qxb7 {Bc4 is the strong threat.} Rc1 37. Kg2 Rd1 $2 (37... Qe6 38. Qb5 Rc5) 38. Nf5 $2 (38. Rxf7 $18 {and White stays clearly on top. Bc4 would kill now.} Rxd6 39. Bc4 $1 {[%mdl 512]} Qxf7 40. Bxf7+ Kh8 41. Qe7) 38... Rxd7 39. Qxd7 {Black must now prevent Ne7+.} Qf6 40. Bc4 e4 41. Bd5 Qe5 (41... g6 $16) 42. Ne7+ $18 Kh8 43. Nc6 Qf6 44. Bxe4 g6 45. Bf3 Kg7 46. Nd4 Rb8 47. Nb5 (47. h4 $18) 47... Qd8 (47... Rd8 $16 {is a better defense.} 48. Qc7 Rd3) 48. Qc6 Qb6 49. Qc3+ Qf6 50. Qc4 Rd8 51. Bd5 (51. Nc7 $18) 51... Qf5 $16 52. Bf3 ({Better is} 52. Qd4+ $16 Qf6 53. Qd3) 52... h5 $2 (52... Qf6 $1 $11) 53. h4 $18 Rc8 54. Qd4+ Qf6 55. Qd3 Rd8 56. Qe3 $1 Qf5 57. Nd4 Qf6 58. Ne2 Rd6 59. Nf4 Qd4 60. Qe7 Qf6 61. Qa7 Ra6 62. Qc7 Ra2 $2 {[#]} (62... Qd4 63. Bd5 Qf6) 63. Bd5 (63. Bxh5 $142 $1 Kg8 (63... gxh5 64. Nxh5+) 64. Be2) 63... Rb2 $2 (63... Ra6 {was necessary.} 64. Qd7 Rd6) 64. Ne6+ Kh6 {[#]} 65. Qc1+ $1 Kh7 66. Ng5+ Kg7 67. Qe3 Rb5 68. Bf3 (68. Qd3 $142 Rb2 69. Ne4) 68... Re5 69. Qd3 Re7 $2 (69... Rf5 70. Qc4 Qb6) 70. Qc4 Qe5 71. Bd5 Rc7 (71... f6 $142 72. Ne6+ Kh6) 72. Qa2 Rc1 73. Bxf7 (73. Nxf7 $142 Qd4 74. Ng5) 73... Ra1 (73... Qe1 $142 74. Qb2+ Qc3 75. Qxc3+ Rxc3) 74. Qc2 Ra6 75. Qc8 Rd6 76. Qg8+ Kf6 77. Qxg6+ (77. Qf8 $142 Qd5+ 78. Bxd5+ Ke5 79. Ba2 Kd4 80. Qc8 Ke5 81. Qc4 Kf6 82. Qf7+ Ke5 83. Qf4#) 77... Ke7 78. Qh7 {Threatening mate with Bg6+.} Kd8 79. Bxh5 {White wants to mate with Nf7+.} Kc8 80. Bf3 {White mates.} Qb5 81. Qg8+ Rd8 82. Bg4+ Kc7 83. Ne6+ Kb7 84. Nxd8+ {Precision: White = 71%, Black = 32%.} 1-0

[Event "Diamond Cement GM Open 2018"]
[Site "Chittagong"]
[Date "2018.09.07"]
[Round "8"]
[White "Barua, Dibyendu"]
[Black "Dhar-Barua, Saheli"]
[Result "1-0"]
[WhiteElo "2443"]
[BlackElo "2027"]
[Annotator "TA"]
[PlyCount "63"]
[EventDate "2018.09.02"]
[EventCountry "BAN"]
[SourceTitle "playchess.com"]
[Source "ChessBase"]
[SourceQuality "1"]

{[%evp 27,63,10,11,15,6,12,14,18,18,16,40,30,27,47,59,11,77,73,97,89,137,81,168,190,183,173,395,403,400,395,338,300,517,513,995,952,12835,12834]} 1. e4 e6 2. d4 d5 3. Nd2 Nf6 4. e5 Nfd7 5. Bd3 c5 6. c3 Nc6 7. Ne2 cxd4 8. cxd4 f6 9. exf6 Nxf6 10. Nf3 Bd6 11. O-O Qc7 12. Bg5 {[%cal Bc1g5,Bg5h4,Bh4g3][%mdl 32]} O-O 13. Bh4 Nh5 14. Qc2 h6 15. Bh7+ {C06: French Tarrasch: 3...Nf6 4 e5 Nfd7 5 Bd3 main lines} Kh8 16. Bg6 Rxf3 (16... Nf4 17. Nxf4 Rxf4 18. Bg3 Rxf3 19. gxf3 Qe7 20. Rad1 Bd7 21. Qc3 Rf8 22. Bb1 Kg8 {1-0 (41) Artemiev,V (2653)-Onischuk,V (2615) Martuni 2016}) 17. Bxh5 {The position is equal.} Rf8 18. Bg3 e5 19. dxe5 Bxe5 20. Rad1 Be6 21. f4 {[%cal Bf2f4,Bf4f5][%mdl 32]} Bd6 (21... Qb6+ $11 {keeps the balance.} 22. Bf2 Qxb2) 22. f5 $16 Bxg3 23. hxg3 Qe5 $146 {[%cal Re6f5]} 24. g4 ({Better is} 24. fxe6 Rxf1+ 25. Rxf1 Qxh5 26. Nf4) 24... Bg8 (24... Bf7 $16 {was called for.}) 25. Nf4 $36 {[%mdl 2048] Ng6+ is the strong threat. White has strong initiative.} Qe3+ 26. Kh1 Rf6 $2 (26... Bf7 27. Bxf7 (27. Nxd5 $2 Bxd5 28. Rxd5 Nb4 $19) 27... Rxf7) 27. g5 hxg5 28. Ng6+ Rxg6 29. Bxg6 Ne5 $2 (29... g4 30. Qd2 Qxd2 31. Rxd2 d4) 30. Rde1 {White is clearly winning.} Qg3 {[#]} (30... Qd3 $142 31. Qxd3 Nxd3) 31. Rxe5 $1 {[%mdl 512]} Qxe5 {[#]} 32. Qd1 $1 {Precision: White = 90%, Black = 24%.} 1-0

[Event "Diamond Cement GM Open 2018"]
[Site "Chittagong"]
[Date "2018.09.07"]
[Round "8"]
[White "Murshed, Niaz"]
[Black "Mehdi Hasan Parag"]
[Result "1-0"]
[WhiteElo "2408"]
[BlackElo "2180"]
[Annotator "ChessBase"]
[PlyCount "73"]
[EventDate "2018.09.02"]
[EventCountry "BAN"]
[SourceTitle "playchess.com"]
[Source "ChessBase"]
[SourceQuality "1"]

1. d4 Nf6 2. c4 e6 3. Nf3 d5 4. g3 Be7 5. Bg2 O-O 6. O-O dxc4 7. Qc2 b6 8. Ne5 Qxd4 9. Bxa8 Qxe5 10. Bg2 Nd5 11. Nc3 Nxc3 12. bxc3 Bf6 13. Bf4 Qc5 14. a4 a5 15. Rfd1 Na6 16. Be3 Qe7 17. Bc6 Nb8 18. Bb5 Bb7 19. Bxc4 Na6 20. Bd3 h6 21. Qb3 Bg5 22. Bxg5 Qxg5 23. Bxa6 Bxa6 24. Qc2 Qh5 25. Rd2 f5 26. Rad1 Kh7 27. f3 Qg5 28. Kf2 e5 29. Rd7 Qh5 30. Kg2 e4 31. Rxc7 Re8 32. c4 exf3+ 33. exf3 Re3 34. g4 Qe8 35. Qxf5+ Kh8 36. Kg3 Rc3 37. Rcd7 1-0

[Event "Diamond Cement GM Open 2018"]
[Site "Chittagong"]
[Date "2018.09.07"]
[Round "8"]
[White "Neelash Saha"]
[Black "Rahman, Taibur"]
[Result "1-0"]
[WhiteElo "2373"]
[BlackElo "2217"]
[Annotator "ChessBase"]
[PlyCount "117"]
[EventDate "2018.09.02"]
[EventCountry "BAN"]
[SourceTitle "playchess.com"]
[Source "ChessBase"]
[SourceQuality "1"]

1. d4 d5 2. Bf4 Nf6 3. e3 g6 4. Nc3 Bg7 5. h4 h5 6. Be2 c5 7. Nb5 Na6 8. c3 cxd4 9. exd4 Bf5 10. Nf3 O-O 11. O-O Ne4 12. Ng5 Qd7 13. Nxe4 dxe4 14. Qb3 Be6 15. Bc4 Bxc4 16. Qxc4 Qg4 17. Bg5 Bf6 18. Bxf6 exf6 19. Nd6 Rab8 20. Rae1 f5 21. f3 Qg3 22. Nxf5 gxf5 23. fxe4 Rbe8 24. e5 Re6 25. Re2 Qg4 26. Ref2 Rg6 27. Qd5 Nc7 28. Qxb7 Ne6 29. Rxf5 Rg7 30. Qf3 Qxh4 31. Rxh5 Qg4 32. Qxg4 Rxg4 33. Rhf5 Ng5 34. Kf2 Rb8 35. b3 Rb7 36. Re1 Kg7 37. g3 Kg6 38. Rf6+ Kg7 39. Kg2 Re4 40. Rxe4 Nxe4 41. Rc6 a5 42. Kf3 Nd2+ 43. Ke2 Ne4 44. Kd3 Nxg3 45. Ra6 Nh5 46. Rxa5 f6 47. exf6+ Nxf6 48. c4 Kf7 49. Re5 Nd7 50. Re1 Nb8 51. Kc3 Na6 52. a3 Ra7 53. Re5 Nc7 54. a4 Ra8 55. a5 Rh8 56. Re3 Rh1 57. Kb4 Rd1 58. d5 Kf6 59. Kc5 1-0

[Event "Diamond Cement GM Open 2018"]
[Site "Chittagong"]
[Date "2018.09.07"]
[Round "8"]
[White "Mohammad Fahad, Rahman"]
[Black "Dhulipalla Bala Chandra Prasa"]
[Result "1/2-1/2"]
[WhiteElo "2263"]
[BlackElo "2352"]
[Annotator "ChessBase"]
[PlyCount "40"]
[EventDate "2018.09.02"]
[EventCountry "BAN"]
[SourceTitle "playchess.com"]
[Source "ChessBase"]
[SourceQuality "1"]

1. e4 e5 2. Nf3 Nc6 3. Bb5 a6 4. Ba4 Nf6 5. O-O Be7 6. Re1 b5 7. Bb3 d6 8. c3 O-O 9. h3 Nb8 10. d4 Nbd7 11. Nbd2 Bb7 12. Bc2 Re8 13. a4 Bf8 14. Bd3 c6 15. b4 Nb6 16. axb5 axb5 17. Rxa8 Bxa8 18. Nb3 h6 19. dxe5 dxe5 20. Be3 Qc7 1/2-1/2

[Event "Diamond Cement GM Open 2018"]
[Site "Chittagong"]
[Date "2018.09.07"]
[Round "8"]
[White "Abu Sufian, Shakil"]
[Black "Subrota, Biswas"]
[Result "1-0"]
[WhiteElo "2247"]
[BlackElo "2168"]
[Annotator "ChessBase"]
[PlyCount "129"]
[EventDate "2018.09.02"]
[EventCountry "BAN"]
[SourceTitle "playchess.com"]
[Source "ChessBase"]
[SourceQuality "1"]

1. e4 e6 2. d4 d5 3. Nc3 Bb4 4. e5 c5 5. a3 Bxc3+ 6. bxc3 Ne7 7. Qg4 O-O 8. Bd3 f5 9. exf6 Rxf6 10. Qh5 g6 11. Qd1 Nbc6 12. Nf3 Qf8 13. Bg5 Rf7 14. O-O Nf5 15. Bxf5 Rxf5 16. Bh4 Bd7 17. Re1 b6 18. Bg3 Qe7 19. Ne5 Nxe5 20. Bxe5 Raf8 21. f3 c4 22. Qd2 g5 23. Qf2 Qf7 24. Qg3 Ba4 25. Re2 Qg6 26. Rae1 R5f7 27. Rc1 Re8 28. h3 h6 29. Qe1 h5 30. Qg3 Kh7 31. Bd6 Rg7 32. Kf2 Rf7 33. Qe5 Rf5 34. Qe3 h4 35. Kg1 Rf7 36. Qd2 Rd7 37. Bh2 Rf7 38. Rb1 Bd7 39. Be5 Rg8 40. Qe1 Rf5 41. Qc1 Rgf8 42. Qb2 R5f7 43. Qb4 Re8 44. a4 Qg8 45. a5 b5 46. Qa3 a6 47. Qc1 Bc8 48. Qe1 Qg6 49. Qd2 Rf5 50. Rf1 Rg8 51. Bd6 Kg7 52. Re5 Rxe5 53. Bxe5+ Kh7 54. Qc1 Qf5 55. Qa3 Kh6 56. Rf2 Qf7 57. Qc5 Kh7 58. f4 g4 59. hxg4 Kh6 60. g5+ Kg6 61. Bf6 Kh5 62. Qd6 Kg6 63. f5+ exf5 64. Re2 Re8 65. Be7+ 1-0

[Event "Diamond Cement GM Open 2018"]
[Site "Chittagong"]
[Date "2018.09.07"]
[Round "8"]
[White "Rahman, Syed Mahfuzur"]
[Black "Islam, Kh  Aminul"]
[Result "1/2-1/2"]
[WhiteElo "2201"]
[BlackElo "2273"]
[Annotator "ChessBase"]
[PlyCount "77"]
[EventDate "2018.09.02"]
[EventCountry "BAN"]
[SourceTitle "playchess.com"]
[Source "ChessBase"]
[SourceQuality "1"]

1. d4 Nf6 2. c4 Nc6 3. Nf3 e6 4. g3 Bb4+ 5. Bd2 O-O 6. Bg2 Bxd2+ 7. Nbxd2 d6 8. O-O a5 9. Rc1 Bd7 10. e4 e5 11. d5 Nb4 12. a3 Nd3 13. Rb1 Nc5 14. Qe2 a4 15. Ne1 Qe7 16. Nd3 b6 17. f4 Nxd3 18. Qxd3 b5 19. b4 axb3 20. Rxb3 bxc4 21. Nxc4 Ba4 22. Rc3 Rfb8 23. Rfc1 Bb5 24. Rb3 Nd7 25. Qb1 Bxc4 26. Rxc4 Rxb3 27. Qxb3 Nc5 28. Qc3 exf4 29. gxf4 Qd7 30. Bf3 h6 31. Bd1 Rb8 32. Rb4 Re8 33. Bc2 Qg4+ 34. Qg3 Qe2 35. Qf2 Qg4+ 36. Qg3 Qe2 37. Qf2 Qg4+ 38. Qg3 Qe2 39. Qf2 1/2-1/2

[Event "Diamond Cement GM Open 2018"]
[Site "Chittagong"]
[Date "2018.09.07"]
[Round "8"]
[White "Md., Sharif Hossain"]
[Black "Ghosh, Chanchal Kumer"]
[Result "1/2-1/2"]
[WhiteElo "2182"]
[BlackElo "2046"]
[Annotator "ChessBase"]
[PlyCount "170"]
[EventDate "2018.09.02"]
[EventCountry "BAN"]
[SourceTitle "playchess.com"]
[Source "ChessBase"]
[SourceQuality "1"]

1. e4 c5 2. c3 d5 3. exd5 Qxd5 4. Nf3 Nc6 5. Qb3 Qd6 6. Na3 Nf6 7. Nc4 Qc7 8. Qb5 Nd7 9. d4 a6 10. Qb3 cxd4 11. cxd4 e6 12. Bd2 b5 13. Ne3 Nf6 14. a4 bxa4 15. Qxa4 Bd7 16. Qc2 Qb6 17. Bc3 Nb4 18. Qd1 Bb5 19. Be2 Nfd5 20. O-O Bd6 21. Bxb5+ Qxb5 22. Qb3 O-O 23. Nc4 Bc7 24. Na3 Qb7 25. Nc2 a5 26. Ne5 Rfd8 27. h3 Bxe5 28. dxe5 Nf4 29. Ne1 Qe4 30. Bxb4 axb4 31. Rxa8 Rxa8 32. Qf3 Qxf3 33. Nxf3 Ra2 34. Rd1 h6 35. Rd2 Kh7 36. Kh2 g5 37. g3 Nd5 38. Nd4 Kg6 39. Kg2 h5 40. Kf3 Nb6 41. Nc6 Nc4 42. Rc2 Nxb2 43. Nxb4 Ra3+ 44. Ke4 Nd1 45. Nc6 Nc3+ 46. Kf3 Nd5+ 47. Kg2 h4 48. Rb2 hxg3 49. fxg3 Ne3+ 50. Kg1 Nc4 51. Rc2 Ne3 52. Rf2 g4 53. Rf6+ Kg7 54. Nd8 Ra1+ 55. Kh2 Ra2+ 56. Kh1 gxh3 57. Rxf7+ Kg6 58. Rf6+ Kh5 59. Rf4 Ra1+ 60. Kh2 Ng4+ 61. Kxh3 Nxe5 62. Nxe6 Kg6 63. Nf8+ Kg5 64. Ne6+ Kg6 65. Nc5 Rh1+ 66. Kg2 Ra1 67. Ne4 Ra4 68. Kh3 Rb4 69. Rf6+ Kg7 70. Rf4 Kg6 71. Kg2 Rb2+ 72. Kf1 Ra2 73. Nd6 Nd3 74. Re4 Kg5 75. Rd4 Ne5 76. Ne4+ Kg6 77. Nf2 Nf3 78. Rg4+ Kh5 79. Rf4 Ng5 80. Rf6 Nh7 81. g4+ Kg5 82. Rf5+ Kg6 83. Ne4 Ra4 84. Re5 Nf6 85. Nxf6 Kg7 1/2-1/2

[Event "Diamond Cement GM Open 2018"]
[Site "Chittagong"]
[Date "2018.09.07"]
[Round "8"]
[White "S M Sharon"]
[Black "Subramaniam, Sumant"]
[Result "0-1"]
[WhiteElo "2163"]
[BlackElo "2103"]
[Annotator "ChessBase"]
[PlyCount "102"]
[EventDate "2018.09.02"]
[EventCountry "BAN"]
[SourceTitle "playchess.com"]
[Source "ChessBase"]
[SourceQuality "1"]

1. e4 d5 2. exd5 Qxd5 3. Nc3 Qa5 4. d4 Nf6 5. Nf3 Nc6 6. Bb5 Nd5 7. Bd2 Nxc3 8. Bxc6+ bxc6 9. Bxc3 Qd5 10. h3 Ba6 11. Qd2 e6 12. Qe3 Bd6 13. b3 Qf5 14. Kd1 Bf4 15. g4 Qf6 16. Qe4 O-O-O 17. g5 Bxg5 18. Nxg5 Qxg5 19. f4 Qg3 20. Be1 Qg6 21. Qe3 c5 22. d5 exd5 23. Qxc5 Qf6 24. Bc3 Qxf4 25. Re1 Rhe8 26. Qxa7 Rxe1+ 27. Bxe1 Be2+ 28. Kxe2 Re8+ 29. Kd3 Qf3+ 30. Kd2 Re2+ 31. Kd1 Re3+ 32. Kc1 Rxe1+ 33. Kb2 Qf6+ 34. c3 Re2+ 35. Ka3 Qd6+ 36. b4 Qc6 37. Qd4 Kb7 38. Qd3 Qa6+ 39. Qxa6+ Kxa6 40. Rf1 f6 41. Rf3 Re7 42. Kb3 c6 43. a4 Kb6 44. Rg3 g6 45. Kc2 f5 46. Kd3 Re4 47. Rg1 Rh4 48. Rg3 c5 49. a5+ Kb5 50. bxc5 Kxa5 51. c4 dxc4+ {Kd4 [%clk 0:00:00]} 0-1

[Event "Diamond Cement GM Open 2018"]
[Site "Chittagong"]
[Date "2018.09.07"]
[Round "8"]
[White "Anata, Choudhury"]
[Black "Mohammad Minhaz Uddin"]
[Result "1/2-1/2"]
[WhiteElo "2109"]
[BlackElo "2328"]
[Annotator "ChessBase"]
[PlyCount "140"]
[EventDate "2018.09.02"]
[EventCountry "BAN"]
[SourceTitle "playchess.com"]
[Source "ChessBase"]
[SourceQuality "1"]

1. e4 e5 2. Nf3 Nc6 3. Bb5 a6 4. Ba4 Nf6 5. O-O b5 6. Bb3 Bc5 7. a4 Rb8 8. c3 d6 9. d4 Bb6 10. a5 Ba7 11. h3 O-O 12. Be3 Ra8 13. Qe2 Re8 14. Ng5 Re7 15. d5 Bxe3 16. Qxe3 Nb8 17. c4 h6 18. Nf3 c5 19. Nc3 b4 20. Ne2 Kf8 21. Ng3 Ng8 22. Ne1 g5 23. Bd1 Rc7 24. Nc2 Nd7 25. Qd3 Ndf6 26. Ne3 Ne8 27. Bg4 Ng7 28. b3 Qf6 29. Qe2 Ke8 30. Rfd1 Kd8 31. Rd3 Ne7 32. Bxc8 Kxc8 33. Ng4 Qg6 34. Rf3 Ng8 35. Ne3 Rd7 36. Nef5 Kc7 37. Re3 Rf8 38. Qa2 Kb7 39. Rae1 Rc7 40. Qe2 Rd7 41. Nxg7 Qxg7 42. Nh5 Qg6 43. Qg4 f5 44. exf5 Qxf5 45. Qe2 Rdf7 46. Rf3 Qg6 47. Rxf7+ Rxf7 48. Ng3 Ne7 49. Qg4 Kc7 50. Qe2 Rf4 51. Ne4 Nf5 52. Qd3 Ne7 53. Re3 Rf8 54. Rf3 Rxf3 55. Qxf3 Qf5 56. Qe3 Qf4 57. Nxc5 dxc5 58. Qxc5+ Kd7 59. Qa7+ Ke8 60. d6 Nc6 61. Qxa6 Qc1+ 62. Kh2 Qf4+ 63. Kg1 Kd7 64. Qb7+ Kxd6 65. a6 Qc1+ 66. Kh2 Qf4+ 67. Kg1 Qc1+ 68. Kh2 Qf4+ 69. Kg1 Qc1+ 70. Kh2 Qf4+ 1/2-1/2

[Event "Diamond Cement GM Open 2018"]
[Site "Chittagong"]
[Date "2018.09.07"]
[Round "8"]
[White "Kayastha, Madan Krishna"]
[Black "Ahmed, Sk  Nasir"]
[Result "0-1"]
[WhiteElo "2077"]
[BlackElo "2249"]
[Annotator "ChessBase"]
[PlyCount "127"]
[EventDate "2018.09.02"]
[EventCountry "BAN"]
[SourceTitle "playchess.com"]
[Source "ChessBase"]
[SourceQuality "1"]

1. e4 c5 2. Nf3 Nc6 3. c4 g6 4. d4 cxd4 5. Nxd4 Bg7 6. Be3 Nf6 7. Nc3 O-O 8. Be2 d6 9. O-O Bd7 10. Qd2 Nxd4 11. Bxd4 Bc6 12. f3 a5 13. Kh1 Nd7 14. Bxg7 Kxg7 15. f4 f6 16. b3 Qb6 17. Bd3 a4 18. Bc2 axb3 19. axb3 Qb4 20. Qe3 Ra3 21. Nd5 Bxd5 22. exd5 Rf7 23. Rxa3 Qxa3 24. Qc3 Qa7 25. b4 Qb6 26. Ba4 Qc7 27. Bb5 Nb6 28. Qd4 Nc8 29. Ra1 Rf8 30. g4 Qb6 31. Qd2 Na7 32. Ba4 Qc7 33. Qd4 Nc8 34. Re1 Kg8 35. Re6 Qb6 36. Qxb6 Nxb6 37. Bb3 Nc8 38. c5 Kf7 39. Ba4 Rd8 40. Re2 dxc5 41. bxc5 b6 42. c6 Nd6 43. Rb2 b5 44. Bxb5 Rb8 45. c7 Rc8 46. Bd7 Rxc7 47. Be6+ Kg7 48. Kg2 Rc4 49. Kg3 Rc3+ 50. Kg2 Rc4 51. Kg3 Rc3+ 52. Kg2 Rc7 53. g5 Rc4 54. Rb8 fxg5 55. fxg5 Nf7 56. Rb7 Nxg5 57. Rxe7+ Kf6 58. Re8 Re4 59. Bd7 Rxe8 60. Bxe8 Ke5 61. Bc6 Ne4 62. Kh3 Nf6 63. Kh4 h6 64. h3 0-1